| Tag |
First Indicator |
Second Indicator |
Subfields |
| LEADER |
00000cam a2200000 a 4500 |
| 001 |
in00002353721 |
| 005 |
20151108062204.0 |
| 008 |
070403s2007 ctua b 001 0aeng |
| 010 |
|
|
|a 2007013541
|
| 020 |
|
|
|a 9781591582786 (alk. paper)
|
| 020 |
|
|
|a 1591582784 (alk. paper)
|
| 035 |
|
|
|a (OCoLC)ocn122526441
|
| 035 |
|
|
|a (OCoLC)122526441
|
| 040 |
|
|
|a DLC
|c DLC
|d BAKER
|d BTCTA
|d C#P
|d BWX
|d YDXCP
|d UtOrBLW
|
| 049 |
|
|
|a TXAM
|
| 050 |
0 |
0 |
|a PS3558.O6366
|b Z46 2007
|
| 082 |
0 |
0 |
|a 828/.5409
|a B
|2 22
|
| 100 |
1 |
|
|a Hopkinson, Deborah.
|
| 245 |
1 |
0 |
|a Deborah Hopkinson and you /
|c Deborah Hopkinson.
|
| 264 |
|
1 |
|a Westport, Conn. :
|b Libraries Unlimited,
|c 2007.
|
| 300 |
|
|
|a viii, 100 pages :
|b illustrations ;
|c 26 cm.
|
| 336 |
|
|
|a text
|b txt
|2 rdacontent
|
| 337 |
|
|
|a unmediated
|b n
|2 rdamedia
|
| 338 |
|
|
|a volume
|b nc
|2 rdacarrier
|
| 490 |
1 |
|
|a The author and you series ;
|v no. 9
|
| 504 |
|
|
|a Includes bibliographical references (pages 91-94) and index.
|
| 600 |
1 |
0 |
|a Hopkinson, Deborah.
|
| 650 |
|
0 |
|a Authors, American
|y 20th century
|v Biography.
|
| 650 |
|
0 |
|a Children's literature
|x Authorship.
|
| 830 |
|
0 |
|a Author and you ;
|v no. 9.
|
| 856 |
4 |
1 |
|3 Table of contents only
|u http://www.loc.gov/catdir/toc/ecip0714/2007013541.html
|t 0
|
| 938 |
|
|
|a Baker & Taylor
|b BKTY
|c 35.00
|d 35.00
|i 1591582784
|n 0007191819
|s active
|
| 938 |
|
|
|a Baker and Taylor
|b BTCP
|n BK0007191819
|
| 938 |
|
|
|a Blackwell Book Service
|b BBUS
|n R6674000
|c $35.00
|
| 938 |
|
|
|a YBP Library Services
|b YANK
|n 2553739
|
| 945 |
|
|
|a PromptCat
|b 305264
|
| 946 |
|
|
|a stk
|
| 947 |
|
|
|a A14836546992
|
| 948 |
|
|
|a cataloged
|b h
|c 2008/1/10
|d c
|e vilik
|f 3:48:51 pm
|
| 994 |
|
|
|a 92
|b TXA
|
| 999 |
|
|
|a MARS
|
| 999 |
f |
f |
|s b4ab2c47-c719-32ee-aab0-36174c615019
|i 2ec9bad1-2f25-3521-8f77-c8aa7b8dcbfe
|t 0
|
| 952 |
f |
f |
|p ric
|a Texas A&M University
|b Rellis Campus
|c Joint Library Facility
|d Remote Storage
|t 0
|e PS3558.O6366 Z46 2007
|h Library of Congress classification
|i unmediated -- volume
|m A14836546992
|
| 998 |
f |
f |
|a PS3558.O6366 Z46 2007
|t 0
|l Remote Storage
|